000 00448cam a2200145 4500500
005 20251228083032.0
041 _afre
042 _adc
100 1 0 _aDoiron, Normand
_eauthor
245 0 0 _aL'être et l'espace
260 _c2011.
500 _a11
786 0 _nDix-septième siècle | 252 | 3 | 2011-07-01 | p. 489-500 | 0012-4273
856 4 1 _uhttps://shs.cairn.info/revue-dix-septieme-siecle-2011-3-page-489?lang=fr&redirect-ssocas=7080
999 _c1600373
_d1600373